Les 20 meilleurs joueurs de foot des années 2000's - Statistiques

Statistiques générales
  • Ce quiz a été pris 438 fois
  • Le résultat moyen est 15 sur 20
Statistiques - réponses
classement joueur poste nationalité % Correct
1 Zidane M français
98%
4 Buffon G italien
91%
2 Ronaldinho A brésilien
91%
3 Xavi M espagnol
91%
5 Henry A français
90%
6 Casillas G espagnol
89%
20 Drogba A ivoirien
83%
18 Eto'o A camerounais
82%
8 Pirlo M italien
77%
16 Gerrard M anglais
74%
19 Puyol D espagnol
74%
17 Lampard M anglais
73%
7 Carlos D brésilien
71%
13 Rooney A anglais
68%
14 Cannavaro D italien
67%
15 Chevtchenko A ukrainien
67%
12 Kahn G allemand
67%
10 Kaka M brésilien
65%
11 Beckham M anglais
64%
9 Raul A espagnol
58%
Aucun quiz correspondant
Distribution des résultats
% des personnes avec chaque résultat
Percentile par nombre de réponses
Votre historique - résultats
Vous n’avez pas pris ce quiz